| 000 | 00000cam 2200000zi 4500 |
| 001 | 9.891807 |
| 003 | CaOODSP |
| 005 | 20260630071342 |
| 006 | m o d f |
| 007 | cr ||||||||||| |
| 008 | 200925s2020 onca jo f000 0 eng d |
| 020 | |a9780660360904 |
| 040 | |aCaOODSP|beng|erda|cCaOODSP |
| 043 | |an-cn--- |
| 086 | 1 |aA104-202/2-2020E-PDF |
| 245 | 00|aPlant health hero activity book : |bages 9-12. |
| 250 | |a[2020 edition]. |
| 264 | 1|a[Ottawa] : |bCanadian Food Inspection Agency = Agence canadienne d'inspection des aliments, |c2020. |
| 300 | |a1 online resource (15 pages) |
| 336 | |atext|btxt|2rdacontent |
| 337 | |acomputer|bc|2rdamedia |
| 338 | |aonline resource|bcr|2rdacarrier |
| 500 | |aIssued also in French under title: Livre d'activités du héros de la santé des végétaux : âge : 9-12. |
| 520 | |a"The intent of this activity book is to teach young learners about the basics of plant health in Canada and how they can participate in protecting our amazing natural plant resources"--Page 1. |
| 650 | 0|aPlant health|zCanada|vJuvenile literature. |
| 655 | 7|aActivity books|2lcgft |
| 710 | 2 |aCanadian Food Inspection Agency, |eissuing body. |
| 775 | 08|tLivre d'activités du héros de la santé des végétaux : |w(CaOODSP)9.891809 |
| 794 | |tPlant health hero activity book : |b[2026 revised edition]|w(CaOODSP)9.963908 |
| 856 | 40|qPDF|s11.98 MB|uhttps://publications.gc.ca/collections/collection_2020/acia-cfia/A104-202-2-2020-eng.pdf |
| 986 | |aP1030-20 |